| 000 | 02711nam0a22004451 4500 | ||
|---|---|---|---|
| 001 | rc\2798844 | ||
| 005 | 20250529173815.0 | ||
| 035 | _a(NLR Aleph) 006924876 | ||
| 090 |
_a7486217 _c7486217 |
||
| 100 | _a20110915d1936 |||y0rusy50 ca | ||
| 101 | 0 | _arus | |
| 102 | _aRU | ||
| 105 | _ay z ||||| | ||
| 200 | 1 |
_aСборник песен _fУкомплектував С. Бродський |
|
| 210 |
_aДнепропетровск _cЗавод им. Хатаевича _d1936 |
||
| 215 |
_aОбл., 20 с., без тит. л. _d13х9,5 см. |
||
| 300 | _aТекст на укр. и рус. яз. | ||
| 300 | _aНа 2 с. обл.: Вид. редакцii газ. "Червоний металург" та Завком ДЗМУ | ||
| 327 | 0 | _aСодержание: Iнтернацiонал. Партизан Железняк. Нас побить, побить хотели. Молодость. "Комiнтерн" Марш веселых ребят. Все выше. Маленький барабанщик. Партизанская. Песня про Сталина. Песня о встречном. Песня Роберта Гранта. Песня о родине. Каховка. Кiннота Будьонного. Полюшко-поле... | |
| 464 | 0 |
_12000#$aПесня о встречном _tПесня о встречном |
|
| 464 | 0 |
_12000#$aПесня Роберта Гранта _tПесня Роберта Гранта |
|
| 464 | 0 |
_12000#$aПартизанская _tПартизанская |
|
| 464 | 0 |
_12000#$aПесня про Сталина _tПесня про Сталина |
|
| 464 | 0 |
_12000#$aКiннота Будьонного _tКiннота Будьонного |
|
| 464 | 0 |
_12000#$aПолюшко-поле... _tПолюшко-поле... |
|
| 464 | 0 |
_12000#$aПесня о родине _tПесня о родине |
|
| 464 | 0 |
_12000#$aКаховка _tКаховка |
|
| 464 | 0 |
_12000#$aНас побить, побить хотели _tНас побить, побить хотели |
|
| 464 | 0 |
_12000#$aПартизан Железняк _tПартизан Железняк |
|
| 464 | 0 |
_12000#$aIнтернацiонал _tIнтернацiонал |
|
| 464 | 0 |
_12000#$aМолодость _tМолодость |
|
| 464 | 0 |
_12000#$aМаленький барабанщик _tМаленький барабанщик |
|
| 464 | 0 |
_12000#$aВсе выше _tВсе выше |
|
| 464 | 0 |
_12000#$a"Комiнтерн" Марш веселых ребят _t"Комiнтерн" Марш веселых ребят |
|
| 702 | 1 |
_aБродський _bС. _4220 |
|
| 801 | 0 |
_aRU _bNLR _gpsbo |
|
| 801 | 1 |
_aRU _bELAR _2rusmarc |
|
| 852 |
_aNLR _j36-8/2573 |
||
| 942 | _cBOOK | ||
| 980 | _aNB | ||